Online
Catalog

Margen acuático : (Record no. 5960)

MARC details
000 -CABECERA
campo de control de longitud fija 01025cam a2200265 a 4500
001 - NÚMERO DE CONTROL
campo de control 000006164
005 - FECHA Y HORA DE LA ÚLTIMA TRANSACCIÓN
campo de control 20200929151945.0
008 - DATOS DE LONGITUD FIJA--INFORMACIÓN GENERAL
campo de control de longitud fija 990315s1998 sp b 001 p spa
020 ## - NÚMERO INTERNACIONAL ESTÁNDAR DEL LIBRO
Número Internacional Estándar del Libro 8433483188
040 ## - FUENTE DE LA CATALOGACIÓN
Centro catalogador/agencia de origen DO-SdBNP
Centro/agencia transcriptor DLC
082 ## - NÚMERO DE LA CLASIFICACIÓN DECIMAL DEWEY
Número de clasificación Cu861.44
Número de documento/Ítem L923m
100 1# - ENTRADA PRINCIPAL--NOMBRE DE PERSONA
Nombre de persona Loynaz, Dulce María,
Fechas asociadas al nombre 1902-1997
9 (RLIN) 5563
245 10 - MENCIÓN DE TÍTULO
Título Margen acuático :
Resto del título poesía de Dulce María Loynaz /
Mención de responsabilidad, etc. Dulce María, Loynaz; [Compilador], Asunción Horno-Delgado.
260 ## - PUBLICACIÓN, DISTRIBUCIÓN, ETC.
Lugar de publicación, distribución, etc. Madrid :
Nombre del editor, distribuidor, etc. Júcar,
Fecha de publicación, distribución, etc. 1998.
300 ## - DESCRIPCIÓN FÍSICA
Extensión 203 p. ;
Dimensiones 20 cm.
490 1# - MENCIÓN DE SERIE
Mención de serie Ensayos Júcar ;
Designación de volumen o secuencia no. 18
504 ## - NOTA DE BIBLIOGRAFÍA, ETC.
Nota de bibliografía, etc. Bibliografías p. [183]-203.
590 ## - NOTA LOCAL (RLIN)
Nota local Dedicado y autografiado para la Biblioteca Nacional Pedro Henriquez Ureña (BNPHU) por el compilador
600 14 - PUNTO DE ACCESO ADICIONAL DE MATERIA--NOMBRE DE PERSONA
Nombre de persona LOYNAZ, DULCE MARÍA,
Fechas asociadas al nombre 1902-1997
Subdivisión general CRÍTICA E INTERPRETACIÓN
9 (RLIN) 17299
650 #4 - PUNTO DE ACCESO ADICIONAL DE MATERIA--TÉRMINO DE MATERIA
Término de materia o nombre geográfico como elemento de entrada Poesía cubana
9 (RLIN) 5226
650 #4 - PUNTO DE ACCESO ADICIONAL DE MATERIA--TÉRMINO DE MATERIA
Término de materia o nombre geográfico como elemento de entrada Literatura cubana
9 (RLIN) 1483
700 1# - PUNTO DE ACCESO ADICIONAL--NOMBRE DE PERSONA
Nombre de persona Horno-Delgado, Asunción,
Fechas asociadas al nombre 1956 -
Término indicativo de función/relación comp.
9 (RLIN) 17300
830 #0 - PUNTO DE ACCESO ADICIONAL DE SERIE-TÍTULO UNIFORME
Título uniforme Ensayos Júcar
Designación de volumen o secuencia no. 18
9 (RLIN) 17301
910 ## - DATOS DE OPCIÓN DEL USUARIO (OCLC)
Datos de opción del usuario Catalogación por copia / LC
Holdings
Estado de retiro Estado de pérdida Restricciones de uso No para préstamo Código de colección Localización permanente Ubicación/localización actual Ubicación en estantería Fecha de adquisición Número de inventario Total de préstamos Signatura topográfica completa Código de barras Fecha visto por última vez Precio válido a partir de Tipo de ítem Koha
    Préstamo interno   Monografías: Libros y Folletos General General En catalogación 26.08.2009 LF1   Cu861.44 L923m 6164-10 25.06.2020 25.06.2020 Préstamo interno

Powered by Koha